[Event "Olympiad-45"]
[Site "Budapest"]
[Date "2024.09.22"]
[Round "11.3"]
[White "Shaw, Clifford"]
[Black "Anhwere, Benard"]
[Result "1-0"]
[WhiteElo "1744"]
[BlackElo "1893"]
[PlyCount "27"]
[EventDate "2024.09.11"]
[EventType "team-swiss"]
[EventRounds "11"]
[EventCountry "HUN"]
[SourceTitle "EXT 2025"]
[Source "ChessBase"]
[SourceDate "2024.10.14"]
[SourceVersion "1"]
[SourceVersionDate "2024.10.14"]
[SourceQuality "1"]
[WhiteTeam "Cayman Islands"]
[BlackTeam "Ghana"]
[WhiteTeamCountry "CAY"]
[BlackTeamCountry "GHA"]

1. e4 c5 2. d4 cxd4 3. c3 dxc3 4. Nxc3 Nc6 5. Nf3 e6 6. Bc4 Bb4 7. 0-0 Nge7 8. Bf4 d6 9. Nb5 e5 10. Ng5 Rf8 11. Qb3 d5 12. exd5 Na5 13. Qxb4 exf4 14. Rfe1 1-0

[Event "Olympiad-45"]
[Site "Budapest"]
[Date "2024.09.21"]
[Round "10.3"]
[White "Mahor Jr, Manuel"]
[Black "Shaw, Clifford"]
[Result "1-0"]
[WhiteElo "1759"]
[BlackElo "1744"]
[PlyCount "61"]
[EventDate "2024.09.11"]
[EventType "team-swiss"]
[EventRounds "11"]
[EventCountry "HUN"]
[SourceTitle "EXT 2025"]
[Source "ChessBase"]
[SourceDate "2024.10.14"]
[SourceVersion "1"]
[SourceVersionDate "2024.10.14"]
[SourceQuality "1"]
[WhiteTeam "Palau"]
[BlackTeam "Cayman Islands"]
[WhiteTeamCountry "PAL"]
[BlackTeamCountry "CAY"]

1. d4 e6 2. Nf3 f5 3. c4 Nf6 4. Nc3 b6 5. d5 Bb4 6. Bg5 exd5 7. cxd5 0-0 8. Qb3 Bxc3+ 9. Qxc3 h6 10. Bxf6 Rxf6 11. e3 c5 12. Bc4 d6 13. 0-0 Bd7 14. a4 Be8 15. Rfe1 Bh5 16. Nd2 Nd7 17. Be2 Bxe2 18. Rxe2 a6 19. Rae1 b5 20. e4 Qb6 21. a5 Qd8 22. b4 Rc8 23. exf5 Rxf5 24. Qd3 Qg5 25. Nf3 Rxd5 26. Qe4 Qf5 27. Qe7 Nf6 28. Qb7 cxb4 29. Re7 Nh5 30. Nh4 Re5 31. Nxf5 1-0

[Event "Olympiad-45"]
[Site "Budapest"]
[Date "2024.09.13"]
[Round "3.81"]
[White "Croes, Octavio"]
[Black "Shaw, Clifford"]
[Result "0-1"]
[WhiteElo "1850"]
[BlackElo "1744"]
[PlyCount "70"]
[EventDate "2024.09.11"]
[EventType "team-swiss"]
[EventRounds "11"]
[EventCountry "HUN"]
[SourceTitle "EXT 2025"]
[Source "ChessBase"]
[SourceDate "2024.10.14"]
[SourceVersion "1"]
[SourceVersionDate "2024.10.14"]
[SourceQuality "1"]
[WhiteTeam "Aruba"]
[BlackTeam "Cayman Islands"]
[WhiteTeamCountry "ARN"]
[BlackTeamCountry "CAY"]

1. d4 e6 2. c4 f5 3. g3 Nf6 4. Bg2 Be7 5. Nf3 0-0 6. 0-0 d6 7. Nc3 Ne4 8. Qc2 Nxc3 9. Qxc3 Bf6 10. Qc2 e5 11. dxe5 dxe5 12. e4 Nc6 13. Rd1 Qe8 14. exf5 Qh5 15. Bd2 Bxf5 16. Qb3 e4 17. c5+ Kh8 18. Ne1 Nd4 19. Qxb7 c6 20. Be3 Rab8 21. Qa6 Ne2+ 22. Kf1 Rxb2 23. Rd2 Rxd2 24. Bxd2 Nxg3+ 25. hxg3 Bxa1 26. Qxa7 Qd1 27. Qa5 Bd4 28. Kg1 Bg6 29. Be3 Bxe3 30. fxe3 Qe2 31. a4 Qxe3+ 32. Kh2 h5 33. Nc2 Qf2 34. Qc3 Rf3 35. Qc4 Rxg3 0-1

[Event "American Continental Rapid 18th"]
[Site "Medellin"]
[Date "2024.06.01"]
[Round "2"]
[White "Bernal Morales, Maria Angel"]
[Black "Shaw, Clifford"]
[Result "0-1"]
[WhiteElo "1495"]
[BlackElo "1771"]
[PlyCount "80"]
[EventDate "2024.06.01"]
[EventType "swiss (rapid)"]
[EventRounds "9"]
[EventCountry "COL"]
[SourceTitle "CBM 220 Extra"]
[Source "ChessBase"]
[SourceDate "2024.07.31"]
[SourceVersion "1"]
[SourceVersionDate "2024.07.31"]
[SourceQuality "1"]

1. e4 e6 2. d4 d5 3. e5 c5 4. Nf3 Nc6 5. Be3 cxd4 6. Nxd4 Nxe5 7. Nc3 Nf6 8. Be2 Be7 9. 0-0 0-0 10. f4 Nc4 11. Qc1 a6 12. Bf2 b5 13. Bh4 Bb7 14. f5 e5 15. Nb3 d4 16. Nd1 Qd5 17. Bf3 e4 18. Bg4 Nxg4 19. Bxe7 Rfe8 20. Rf4 Nge5 21. Bg5 e3 22. Nxe3 dxe3 23. Qf1 e2 24. Qxe2 Nd3 25. Qf1 Nxf4 26. Bxf4 Qxf5 27. Nd4 Qc5 28. c3 Nxb2 29. Rc1 Re4 30. Qf3 Re1+ 31. Rxe1 Bxf3 32. gxf3 Nd3 33. Re4 Nxf4 34. Rxf4 Qxc3 35. Rg4 Qe3+ 36. Kg2 Rd8 37. Nf5 Rd2+ 38. Kg3 Qe5+ 39. Kh4 Rxh2+ 40. Kg5 f6# 0-1

[Event "American Continental Rapid 18th"]
[Site "Medellin"]
[Date "2024.06.01"]
[Round "1"]
[White "Shaw, Clifford"]
[Black "Arias Gaviria, Mario Alexis"]
[Result "0-1"]
[WhiteElo "1771"]
[BlackElo "2259"]
[PlyCount "98"]
[EventDate "2024.06.01"]
[EventType "swiss (rapid)"]
[EventRounds "9"]
[EventCountry "COL"]
[SourceTitle "CBM 220 Extra"]
[Source "ChessBase"]
[SourceDate "2024.07.31"]
[SourceVersion "1"]
[SourceVersionDate "2024.07.31"]
[SourceQuality "1"]

1. e4 c5 2. d4 cxd4 3. c3 d5 4. exd5 Qxd5 5. Nf3 Nf6 6. cxd4 e6 7. Bd3 Bb4+ 8. Nc3 0-0 9. 0-0 Qd6 10. Bg5 Nbd7 11. Re1 Nd5 12. Rc1 h6 13. Bh4 N7f6 14. Ne5 a6 15. Ng4 Nxg4 16. Qxg4 f5 17. Qh5 Nf4 18. Qf3 Qxd4 19. Bb1 Ng6 20. Bg3 Qb6 21. Be5 Nxe5 22. Rxe5 Bd6 23. Re3 Bd7 24. Rd1 Bc6 25. Qe2 Bc5 26. Rxe6 Rae8 27. Nd5 Qb5 28. Qe5 Bd7 29. Rxe8 Rxe8 30. Qc7 Qc6 31. Qxc6 Bxc6 32. Nc3 g6 33. h3 Kf7 34. Bc2 Kf6 35. Nd5+ Bxd5 36. Rxd5 Re1+ 37. Kh2 Bxf2 38. Bb3 f4 39. Rd6+ Ke7 40. Rxg6 Bg1+ 41. Kh1 Bf2+ 42. Kh2 Bg3+ 43. Rxg3 fxg3+ 44. Kxg3 Re2 45. Kf3 Rxb2 46. g4 b5 47. Kf4 a5 48. h4 Rxb3 49. axb3 a4 0-1

[Event "American Continental 18th"]
[Site "Medellin"]
[Date "2024.05.28"]
[Round "7"]
[White "Shaw, Clifford"]
[Black "Cardona, Marisol"]
[Result "1-0"]
[WhiteElo "1766"]
[BlackElo "1560"]
[PlyCount "71"]
[EventDate "2024.05.24"]
[EventType "swiss"]
[EventRounds "11"]
[EventCountry "COL"]
[SourceTitle "CBM 220 Extra"]
[Source "ChessBase"]
[SourceDate "2024.07.31"]
[SourceVersion "1"]
[SourceVersionDate "2024.07.31"]
[SourceQuality "1"]

1. e4 c5 2. d4 cxd4 3. c3 d3 4. Bxd3 Nc6 5. Nf3 e6 6. 0-0 Nf6 7. e5 Nd5 8. a3 d6 9. c4 Nb6 10. Bg5 Be7 11. Bxe7 Qxe7 12. exd6 Qxd6 13. Nc3 Qe7 14. Re1 0-0 15. Qe2 Rd8 16. Rad1 a6 17. h4 Qc7 18. Ne4 Nd4 19. Nxd4 Rxd4 20. Qh5 h6 21. Ng5 Rxd3 22. Rxd3 hxg5 23. hxg5 e5 24. Rxe5 Bg4 25. Qh2 Qxc4 26. Rde3 Be6 27. g6 Rc8 28. Qh7+ Kf8 29. Qh8+ Ke7 30. Qxg7 Kd6 31. gxf7 Nd7 32. Rxe6+ Qxe6 33. Rxe6+ Kxe6 34. Qg8 Rf8 35. Qg4+ Kd6 36. Qb4+ 1-0

[Event "American Continental 18th"]
[Site "Medellin"]
[Date "2024.05.27"]
[Round "5"]
[White "Shaw, Clifford"]
[Black "Manotas, S Franklin"]
[Result "0-1"]
[WhiteElo "1766"]
[BlackElo "1947"]
[PlyCount "62"]
[EventDate "2024.05.24"]
[EventType "swiss"]
[EventRounds "11"]
[EventCountry "COL"]
[SourceTitle "CBM 220 Extra"]
[Source "ChessBase"]
[SourceDate "2024.07.31"]
[SourceVersion "1"]
[SourceVersionDate "2024.07.31"]
[SourceQuality "1"]

1. f4 d5 2. Nf3 c6 3. e3 e6 4. b3 f5 5. Bb2 Nf6 6. Be2 Bd6 7. 0-0 0-0 8. c4 Qe7 9. Nc3 Nbd7 10. cxd5 exd5 11. Kh1 Ba3 12. Bxa3 Qxa3 13. Qe1 Ne4 14. Nxe4 fxe4 15. Qh4 exf3 16. Rxf3 Qb2 17. Raf1 Nf6 18. f5 Qxd2 19. Bd1 b6 20. g4 Ba6 21. Rg1 Bd3 22. g5 Nd7 23. Qd4 Nc5 24. b4 Ne4 25. f6 Bc4 26. g6 h6 27. Qxd2 Nxd2 28. f7+ Kh8 29. Rh3 Bd3 30. Rxh6+ gxh6 31. g7+ Kh7 0-1

[Event "American Continental 18th"]
[Site "Medellin"]
[Date "2024.05.27"]
[Round "6"]
[White "Ventura Rosario, Julio Esdeulin"]
[Black "Shaw, Clifford"]
[Result "1-0"]
[WhiteElo "1942"]
[BlackElo "1766"]
[PlyCount "65"]
[EventDate "2024.05.24"]
[EventType "swiss"]
[EventRounds "11"]
[EventCountry "COL"]
[SourceTitle "CBM 220 Extra"]
[Source "ChessBase"]
[SourceDate "2024.07.31"]
[SourceVersion "1"]
[SourceVersionDate "2024.07.31"]
[SourceQuality "1"]

1. d4 e6 2. Nc3 d5 3. Bf4 c5 4. e3 Nf6 5. Nf3 a6 6. Ne5 Nc6 7. g4 Nxe5 8. dxe5 Nd7 9. Bg3 b5 10. Bg2 Bb7 11. 0-0 Qb6 12. Ne2 h5 13. gxh5 Rxh5 14. Nd4 Rh8 15. Nf3 Be7 16. c3 0-0-0 17. a4 g5 18. axb5 axb5 19. b4 cxb4 20. cxb4 g4 21. Nd4 Nb8 22. Qd3 Ba6 23. Rfc1+ Kd7 24. Bxd5 exd5 25. Qf5+ Ke8 26. e6 Rf8 27. Bc7 Qb7 28. Bxd8 Bxd8 29. Qe5 fxe6 30. Nxe6 Bf6 31. Nc7+ Kf7 32. Qe6+ Kg6 33. Nxa6 1-0